Squadra della stagione della UEFA Europa League - 2013-2014 - Statistics

Statistiche generali
  • Questo quiz è stato fatto 2 volte
  • Il punteggio medio è 7 su 18
Statistiche sulle risposte
Ruolo Nazione Squadra Calciatore % Corretto
Centrocampista Italia Juventus Andrea Pirlo
100%
Centrocampista Spagna Fiorentina Borja Valero
100%
Portiere Italia Juventus Gianluigi Buffon
100%
Difensore Argentina Fiorentina Gonzalo Rodríguez
100%
Centrocampista Croazia Siviglia Ivan Rakitić
100%
Difensore Italia Juventus Leonardo Bonucci
100%
Attaccante Argentina Juventus Carlos Tévez
50%
Attaccante Argentina Napoli Gonzalo Higuaín
50%
Centrocampista Portogallo Benfica André Gomes
0%
Portiere Portogallo Siviglia Beto
0%
Difensore Francia Porto Eliaquim Mangala
0%
Difensore Argentina Benfica Ezequiel Garay
0%
Attaccante Spagna Salisburgo Jonathan Soriano
0%
Attaccante Serbia Benfica Lazar Marković
0%
Centrocampista Argentina Benfica Nicolás Gaitán
0%
Difensore Argentina Siviglia Nicolás Pareja
0%
Attaccante Spagna Benfica Rodrigo
0%
Centrocampista Camerun Siviglia Stéphane M'Bia
0%
Nessun quiz corrispondente trovato
Distribuzione punteggi
Percentuale di utenti per punteggio
Percentile per numero di risposta
I tuoi punteggi nel tempo
Non hai fatto questo quiz